Score 0/18 Timer 02:00
0 Plays Today
Nickname Missing Word % Correct
The Lone ___ StateStar
93.6%
The Tar ___ StateHeel
77.5%
The ___ Dominion StateOld
71.4%
The ___-Me StateShow
71.1%
The Grand ___ StateCanyon
64.5%
Crossroads of ___America
61.8%
The ___ Mountain StateGreen
56.2%
Heart of ___Dixie
55.8%
Empire State of the ___South
55%
Nickname Missing Word % Correct
Mount ___ StateRushmore
54.4%
The Great ___ StateLakes
53.7%
The Last ___Frontier
51.7%
The ___ Tree StatePine
42.5%
The ___ Star StateNorth
40.7%
America's ___Dairyland
25.1%
The Land of ___Enchantment
24%
The Old ___ StateLine
14%
The ___ Garden StatePeace
10.6%

Today's Daily Dose

You're not logged in!

Compare scores with friends on all Sporcle quizzes.
OR
Log In

Sporcle TV

Today on Sporcle TV


Watch our educational content, quiz creation guides, and fun videos on Sporcle TV.

Show Comments

Extras

Top Quizzes Today


Score Distribution

Paid Content

Your Account Isn't Verified!

In order to create a playlist on Sporcle, you need to verify the email address you used during registration. Go to your Sporcle Settings to finish the process.

Report this User

Report this user for behavior that violates our Community Guidelines.

Details: